Biosíntesis de productos naturales / (Record no. 36790)

MARC details
000 -LEADER
campo de control de longitud fija 00527nam a2200169 i 4500
001 - NÚMERO DE CONTROL
campo de control 36790
003 - IDENTIFICADOR DE NÚMERO DE CONTROL
campo de control ES-MaACL
005 - FECHA Y HORA DE LA ÚLTIMA TRANSACCIÓN
campo de control 20230906155437.0
007 - CAMPO FIJO DE DESCRIPCIÓN FÍSICA--INFORMACIÓN GENERAL
campo de control de longitud fija t|
008 - DATOS DE LONGITUD FIJA--INFORMACIÓN GENERAL
campo de control de longitud fija 030219s1969 sp ||||1| spa d
100 1# - ENTRADA PRINCIPAL--NOMBRE DE PERSONA
Nombre de persona Bulock, John D.
9 (RLIN) 32532
245 10 - MENCIÓN DEL TÍTULO
Título Biosíntesis de productos naturales /
Mención de responsabilidad, etc. por John D. Bulock ; traducido por Salvador Oliver Moscardó.
260 ## - PUBLICACIÓN, DISTRIBUCIÓN, ETC.
Lugar de publicación, distribución, etc. Bilbao :
Nombre del editor, distribuidor, etc. Urmo,
Fecha de publicación, distribución, etc. [1969]
300 ## - DESCRIPCIÓN FÍSICA
Extensión 184 p. :
Otras características físicas il. ;
Dimensiones 22 cm.
700 1# - ENTRADA AGREGADA--NOMBRE PERSONAL
Nombre de persona Oliver Moscardó, Salvador.
9 (RLIN) 86841
852 ## - LOCALIZACIÓN
Ubicación ES-MaACL
Número de control de estantería C-38518
Sublocalización o colección R.72356
Holdings
Estatus retirado Estado de pérdida Estado de daño No para préstamo Biblioteca de origen Biblioteca actual Ubicación en estantería Fecha de adquisición Fuente de adquisición Total de préstamos Signatura topográfica completa Código de barras Visto por última vez Precio de reemplazo Tipo de ítem Koha
        Biblioteca del Ateneo de Madrid Biblioteca del Ateneo de Madrid Depósito 2 17/01/2008     C-38518 1038688 23/02/2023 23/02/2023 Libro impreso